000 00708nam a2200193 i 4500
001 24523
003 ES-MaACL
005 20250925162453.0
007 t|
008 021217s1894 sp ||||1| spa d
100 1 _aAparicio, Esteban
_c(pintor),
_dfl. 1863
_922081
245 1 0 _aMemoria de la Escuela Central de Artes y Oficios leída en la solemne inauguración del curso 1894-1895 /
_cEsteban Aparicio y Alvarez.
260 _aMadrid :
_b[s.n.],
_c1894 (
_fM. Romero)
300 _a28, [4] p. ;
_c25 cm.
610 2 4 _aEscuela Central de Artes y Oficios-
_vMemorias y balances.
_9152908
710 1 _aEscuela Central de Artes y Oficios.
_93517
852 _aES-MaACL
_jT-870-F-9
999 _c24523
_d24523